Statistics for Spider-Man (2002) Characters

Click here to take the quiz!

General Stats

  • This quiz has been taken 34 times
  • The average score is 7 of 9

Answer Stats

HintAnswer% Correct
Kirsten DunstMary-Jane Watson
100%
Tobey MaguireSpider-Man
100%
Willem DafoeGreen Goblin
97%
Rosemary HarrisMay Parker
93%
James FrancoHarry Osborn
90%
Cliff RobertsonBen Parker
83%
JK SimmonsJ Jonah Jameson
62%
Joe ManganielloFlash Thompson
41%
Elizabeth BanksBetty Brant
34%

Score Distribution

Percentile by Number Answered

Percent of People with Each Score

Your Score History

You have not taken this quiz